<?xml version="1.0" encoding="UTF-8"?>
<record
    xmlns:xsi="http://www.w3.org/2001/XMLSchema-instance"
    xsi:schemaLocation="http://www.loc.gov/MARC21/slim http://www.loc.gov/standards/marcxml/schema/MARC21slim.xsd"
    xmlns="http://www.loc.gov/MARC21/slim">

  <leader>02027nam a2200337   4500</leader>
  <controlfield tag="001">360</controlfield>
  <controlfield tag="003">OSt</controlfield>
  <controlfield tag="005">20250528074019.0</controlfield>
  <controlfield tag="008">250401b        |||||||j |||| 00| 1 eng d</controlfield>
  <datafield tag="020" ind1=" " ind2=" ">
    <subfield code="a">9788580576337</subfield>
  </datafield>
  <datafield tag="040" ind1=" " ind2=" ">
    <subfield code="b">por</subfield>
  </datafield>
  <datafield tag="041" ind1=" " ind2=" ">
    <subfield code="h">eng</subfield>
    <subfield code="a">por</subfield>
  </datafield>
  <datafield tag="082" ind1=" " ind2=" ">
    <subfield code="a">IJ 028.5</subfield>
    <subfield code="b">R585pd</subfield>
  </datafield>
  <datafield tag="100" ind1="1" ind2=" ">
    <subfield code="a">Riordan, Rick,</subfield>
    <subfield code="d">1964-</subfield>
    <subfield code="9">745</subfield>
  </datafield>
  <datafield tag="240" ind1=" " ind2=" ">
    <subfield code="a">Percy Jackson&#xB4;s Greek Gods</subfield>
  </datafield>
  <datafield tag="245" ind1=" " ind2=" ">
    <subfield code="a">Percy Jackson e os Deuses Gregos /</subfield>
    <subfield code="c">Riordan, Rick ; Tradu&#xE7;&#xE3;o de Regiane Winarski e Ilustra&#xE7;&#xE3;o de John Rocco</subfield>
  </datafield>
  <datafield tag="260" ind1=" " ind2=" ">
    <subfield code="a">Rio de Janeiro</subfield>
    <subfield code="b">Intr&#xED;nseca</subfield>
    <subfield code="c">2015</subfield>
  </datafield>
  <datafield tag="300" ind1=" " ind2=" ">
    <subfield code="a">335 p.</subfield>
    <subfield code="b">il.</subfield>
  </datafield>
  <datafield tag="520" ind1=" " ind2=" ">
    <subfield code="a">Com muito humor e tiradas sarc&#xE1;sticas, Percy Jackson oferece aos leitores sua vis&#xE3;o da cl&#xE1;ssica mitologia grega.

&#x201C;Um editor de Nova York pediu que eu escrevesse o que sei sobre os deuses gregos, e fiquei pensando: 'Pode ser anonimamente? Porque n&#xE3;o estou a fim de despertar a ira dos olimpianos de novo.' Mas, se assim eu estiver ajudando voc&#xEA;s a conhecer os deuses gregos e a sobreviver caso algum dia eles apare&#xE7;am na sua frente, ent&#xE3;o acho que escrever isso tudo vai ser minha boa a&#xE7;&#xE3;o da semana.&#x201D; - Percy Jackson

Para todos que acompanharam o adolescente Percy Jackson enquanto ele se descobria um semideus, enfrentava monstros e entrava em contato com todo tipo de divindades e seres mitol&#xF3;gicos, chegou a hora de conhecer com detalhes as hist&#xF3;rias dos principais deuses gregos, contadas por ningu&#xE9;m menos que o pr&#xF3;prio Percy. Em Percy Jackson e os deuses gregos nosso querido semideus explica a vers&#xE3;o da mitologia grega para a cria&#xE7;&#xE3;o do mundo e d&#xE1; aos leitores sua vis&#xE3;o pessoal sobre quem &#xE9; quem na Gr&#xE9;cia Antiga, de Apolo a Zeus.</subfield>
  </datafield>
  <datafield tag="650" ind1=" " ind2="0">
    <subfield code="a">Literatura Americana</subfield>
    <subfield code="9">84</subfield>
  </datafield>
  <datafield tag="650" ind1=" " ind2="0">
    <subfield code="a">Infantojuvenil</subfield>
    <subfield code="9">200</subfield>
  </datafield>
  <datafield tag="650" ind1=" " ind2="0">
    <subfield code="a">Mitologia Grega</subfield>
    <subfield code="9">610</subfield>
  </datafield>
  <datafield tag="650" ind1=" " ind2="0">
    <subfield code="a">Fantasia</subfield>
    <subfield code="9">45</subfield>
  </datafield>
  <datafield tag="650" ind1=" " ind2="0">
    <subfield code="a">Aventura</subfield>
    <subfield code="9">47</subfield>
  </datafield>
  <datafield tag="650" ind1=" " ind2="0">
    <subfield code="a">Filme</subfield>
    <subfield code="9">26</subfield>
  </datafield>
  <datafield tag="655" ind1=" " ind2="0">
    <subfield code="a">Romance</subfield>
    <subfield code="9">23</subfield>
  </datafield>
  <datafield tag="655" ind1=" " ind2="0">
    <subfield code="a">Fic&#xE7;&#xE3;o </subfield>
    <subfield code="9">22</subfield>
  </datafield>
  <datafield tag="700" ind1=" " ind2=" ">
    <subfield code="a">Regiane Winarski</subfield>
    <subfield code="e">Tradu&#xE7;&#xE3;o</subfield>
    <subfield code="9">746</subfield>
  </datafield>
  <datafield tag="700" ind1=" " ind2=" ">
    <subfield code="a">John Rocco</subfield>
    <subfield code="e">Ilustra&#xE7;&#xE3;o</subfield>
    <subfield code="9">747</subfield>
  </datafield>
  <datafield tag="942" ind1=" " ind2=" ">
    <subfield code="2">ddc</subfield>
    <subfield code="n">0</subfield>
    <subfield code="c">BK</subfield>
  </datafield>
  <datafield tag="952" ind1=" " ind2=" ">
    <subfield code="0">0</subfield>
    <subfield code="1">0</subfield>
    <subfield code="2">ddc</subfield>
    <subfield code="4">0</subfield>
    <subfield code="7">0</subfield>
    <subfield code="8">FIC</subfield>
    <subfield code="a">BIBIB</subfield>
    <subfield code="b">BIBIB</subfield>
    <subfield code="c">IJ</subfield>
    <subfield code="d">2024-02-10</subfield>
    <subfield code="e">doa&#xE7;&#xE3;o</subfield>
    <subfield code="l">0</subfield>
    <subfield code="o">IJ 028.5 / R585pd</subfield>
    <subfield code="p">2025-16603</subfield>
    <subfield code="r">2025-04-01 09:49:15</subfield>
    <subfield code="w">2025-04-01</subfield>
    <subfield code="y">BK</subfield>
  </datafield>
  <datafield tag="999" ind1=" " ind2=" ">
    <subfield code="c">360</subfield>
    <subfield code="d">360</subfield>
  </datafield>
</record>
